Missing Word: 'E' in Every Category Quiz Stats

 Plays Quiz Updated Mar 8, 2016

Challenge
Share
Tweet
Embed
Score 0/15 Timer 02:00
4 Plays Today
Hint Missing Word % Correct
_____ Loves RaymondEverybody
95.7%
Solar or Lunar _____Eclipse
90.4%
_____ ManningEli
82.9%
_____ PerĂ³nEva
78.6%
_____ of TomorrowEdge
76.5%
The Jimi Hendrix _____Experience
75.4%
American _____ OutfittersEagle
73.6%
_____ Mark (!)Exclamation
63.8%
Hint Missing Word % Correct
_____ GuineaEquatorial
61.7%
Letter to the _____ - BadgeEditor
41.4%
The Pillars of the _____Earth
38.9%
The _____ Scrolls V: SkyrimElder
37.3%
_____ FieldsElysian
31.3%
Dr. Teeth and The _____ MayhemElectric
28.6%
_____ al-AdhaEid
27.1%

Today's Daily Dose

Missing Word
Entertainment 'M'

Word Ladder
North Carolina

On This Day
January 16th II

You're not logged in!

Compare scores with friends on all Sporcle quizzes.
OR
Log In

You Might Also Like...

Show Comments

Extras

Top Quizzes Today


Score Distribution

Your Account Isn't Verified!

In order to create a playlist on Sporcle, you need to verify the email address you used during registration. Go to your Sporcle Settings to finish the process.

Report this User

Report this user for behavior that violates our Community Guidelines.

Details: